000 01305nam a22003737a 4500
003 CHAP
005 20220817042948.0
008 971013s1996 mx a r 00010 spa d
010 _a61270
011 _a62242
035 _a66416
040 _cCHAP
090 _aTesis
100 0 0 _aGrajales Mendoza, Israel.
_950244
245 1 _aBanco de proteínas de lotus (Lotus corniculatus L.) para cría de reemplazos en Huatusco, Ver.
260 _aChapingo, Méx. :
_bEl autor,
_c1996
300 _a57 h.
_b: ilus. ; gráfs.
502 _aTesis (Ing. Agr. Esp. en Zootecnia) -- UACH. Departamento de Zootecnia
590 _aALEPH
_b10
_c20130110
_lUCH01
_h1341
590 _aBATCH-UPD
_b10
_c20130110
_lUCH01
_h0121
590 _aBATCH-UPD
_b10
_c20130110
_lUCH01
_h1645
590 _aBATCH-UPD
_b10
_c20130410
_lUCH01
_h1036
590 _aBATCH-UPD
_b10
_c20130914
_lUCH01
_h1525
590 _aCONVERSION
_b10
_c20130109
_lUCH01
_h1333
650 1 4 _aGanado vacuno
_xPastoreo.
_945502
650 1 4 _aGanado vacuno
_xPeso.
_945504
650 1 4 _aGanado vacuno
_zVeracruz.
_945534
650 1 4 _aLotus corniculatus.
700 0 _aGómez González, Ismael.
_949717
901 _aBK
942 _cFOLL
949 _bBC
_cTES
_d-151600
_eTS1
_h29579
_i66416
_si
949 _bBC
_cTES
_d33724000623443
_eTS2
_fc.2
_h29580
_i66416
_si
999 _c61270
_d61270